[Event "Paris GCT Blitz"]
[Site "Paris"]
[Date "2017.06.25"]
[Round "14"]
[White "Grischuk, Alexander"]
[Black "Carlsen, Magnus"]
[Result "1/2-1/2"]
[WhiteElo "2779"]
[BlackElo "2851"]
[Annotator "Yermolinsky,A"]
[PlyCount "92"]
[EventDate "2017.06.21"]
[EventType "tourn (blitz)"]
[EventRounds "18"]
[EventCountry "FRA"]
[EventCategory "22"]
[SourceTitle "CBM 179"]
[Source "ChessBase"]
[SourceDate "2017.07.12"]
[SourceVersion "1"]
[SourceVersionDate "2017.07.12"]
[SourceQuality "1"]

1. d4 Nf6 2. c4 e6 3. Nf3 d5 4. Nc3 c6 5. Bg5 Nbd7 6. e3 Qa5 7. Nd2 dxc4 8.
Bxf6 Nxf6 9. Nxc4 Qc7 10. Rc1 Be7 11. g3 O-O 12. Bg2 Rd8 13. O-O Bd7 14. Qb3
Rac8 15. Rfd1 Be8 16. Ne4 Nxe4 17. Bxe4 b5 18. Nd2 h6 19. Bg2 {Nothing special
here, just a regular Catalan type of position.} c5 $5 ({The alternative} 19...
e5 {could even qualify as a winning attempt.}) 20. dxc5 Bc6 $6 {Positionally
sound, but Magnus missed one tactical detail.} ({Instead,} 20... Qb8 {would
have likely gotten the pawn back without any surprises.} 21. Ne4 (21. c6 Qb6)
21... Rxd1+ 22. Qxd1 f5 $11) 21. Bxc6 Qxc6 22. Qa3 Rd5 23. Nb3 Rxd1+ 24. Rxd1
Bxc5 25. Nxc5 Qxc5 26. Rd8+ $1 {Here it is!} Kh7 27. Qd3+ f5 {Magnus really
had no choice.} ({In case of} 27... g6 {White could even think of} 28. Qd7 $5 (
28. Rxc8 Qxc8 29. Qxb5 {is similar to the game. White retains good winning
chances.}) 28... Qc1+ (28... Rxd8 29. Qxf7+ Kh8 30. Qf6+ Kh7 31. Qxd8 Kg7 32.
Qe8 {is a very difficult endgame for Black. His king is forever exposed to
checks, thus increasing the power of the white queen.}) 29. Kg2 Qc6+ 30. Qxc6
Rxc6 31. Rd7 Kg7 32. Rxa7 Rc2 33. b4 {and Black has to fight for a draw.}) 28.
Rxc8 Qxc8 29. Qxb5 Qc1+ 30. Kg2 Qb1 31. Qa4 $1 Qd3 (31... Qxb2 32. Qxa7 Qc2 33.
Qa8 $1 $18 {He who controls the long diagonal will prevail.} e5 34. a4 e4 35.
Qa5 Kg6 36. Qb6+ Kh7 37. a5 Qd1 38. Qd4 Qe2 39. Qd5) 32. Qd4 $2 {A big misstep.
} ({Keeping own king safe is the key to success in queen endgames. Therefore,} 
32. Qc6 $1 e5 33. b4 Qd1 34. Qf3 Qc2 35. b5 $18) 32... Qa6 33. a3 Qc6+ 34. Kg1
Qc1+ 35. Kg2 Qc6+ 36. e4 {White's only chance to play on.} fxe4 37. Qe3 a6 38.
b4 Kg8 39. g4 Qd5 40. h3 Qc4 $6 {There was no need to move the queen away.} (
40... Kf7 41. f3 Qa2+ 42. Kg3 exf3 43. Qxf3+ Kg6 $11) 41. Qc5 Qd3 42. Qc8+ {
Sasha just about ran out of time.} ({I can't see a perpetual after} 42. a4 Qf3+
43. Kh2 Qf4+ 44. Kg1 $16) 42... Kf7 43. Qc7+ Kg8 44. Qc8+ Kf7 45. Qc7+ Kg8 46.
Qc8+ Kf7 1/2-1/2

[Event "Paris GCT Blitz"]
[Site "Paris"]
[Date "2017.06.25"]
[Round "15"]
[White "Caruana, Fabiano"]
[Black "Grischuk, Alexander"]
[Result "0-1"]
[WhiteElo "2808"]
[BlackElo "2761"]
[PlyCount "98"]
[EventDate "2017.06.21"]
[EventType "tourn (blitz)"]
[EventRounds "18"]
[EventCountry "FRA"]
[EventCategory "22"]
[SourceTitle "CBM 179"]
[Source "ChessBase"]
[SourceDate "2017.07.12"]
[SourceVersion "1"]
[SourceVersionDate "2017.07.12"]
[SourceQuality "1"]

1. Nf3 Nf6 2. g3 d5 3. Bg2 c6 4. O-O Bf5 5. d3 e6 6. b3 h6 7. Bb2 Be7 8. Nbd2
O-O 9. c4 a5 10. a3 Bh7 11. Qc2 Na6 12. Ne5 Nd7 13. Nxd7 Qxd7 14. Nf3 Rfc8 15.
Bc3 Qd8 16. Qb2 Bf6 17. Ne5 Nc5 18. Bd4 Qd6 19. f4 dxc4 20. dxc4 Nxb3 21. Qxb3
Qxd4+ 22. Kh1 Bxe5 23. fxe5 Qxe5 24. Qxb7 Bg6 25. Ra2 Rab8 26. Qa7 Rb2 27. Rxb2
Qxb2 28. Qxa5 Qxe2 29. Qa6 Rb8 30. Qxc6 Rb2 31. c5 Rc2 32. a4 Qe3 33. Qf3 Qxc5
34. h4 h5 35. Ra1 Qe5 36. Rg1 Rc3 37. Qf4 Qxf4 38. gxf4 Ra3 39. Bc6 Bc2 40. Rg5
Bxa4 41. Be4 Rh3+ 42. Kg2 Rxh4 43. Ra5 f5 44. Bf3 Rxf4 45. Bxh5 Kh7 46. Bf7 Bb3
47. Kg3 Rg4+ 48. Kh3 Bd5 49. Ra6 g6 0-1

[Event "Paris GCT Blitz"]
[Site "Paris"]
[Date "2017.06.25"]
[Round "16"]
[White "Grischuk, Alexander"]
[Black "Karjakin, Sergey"]
[Result "1/2-1/2"]
[WhiteElo "2761"]
[BlackElo "2781"]
[PlyCount "73"]
[EventDate "2017.06.21"]
[EventType "tourn (blitz)"]
[EventRounds "18"]
[EventCountry "FRA"]
[EventCategory "22"]
[SourceTitle "CBM 179"]
[Source "ChessBase"]
[SourceDate "2017.07.12"]
[SourceVersion "1"]
[SourceVersionDate "2017.07.12"]
[SourceQuality "1"]

1. Nf3 Nf6 2. b3 d5 3. Bb2 e6 4. c4 Be7 5. g3 O-O 6. Bg2 c5 7. cxd5 Nxd5 8. O-O
Nc6 9. d4 cxd4 10. Nxd4 Bf6 11. Na3 Bd7 12. Nc4 Nxd4 13. Bxd4 Bc6 14. Ne5 Rc8
15. Rc1 Bxe5 16. Bxe5 Qa5 17. Ba1 Qxa2 18. e4 Ne7 19. Qg4 e5 20. Bxe5 Ng6 21.
Bd6 Rfe8 22. b4 Rcd8 23. Bc7 Rc8 24. Bd6 Rcd8 25. Bc7 Rd4 26. h4 h6 27. h5 Ne5
28. Bxe5 Rxe5 29. Rfd1 Rxd1+ 30. Rxd1 Re8 31. e5 Bxg2 32. Kxg2 Qa4 33. Qd7 Qxd7
34. Rxd7 Rxe5 35. Rxb7 a5 36. bxa5 Rxa5 37. g4 1/2-1/2

[Event "Paris GCT Blitz"]
[Site "Paris"]
[Date "2017.06.25"]
[Round "17"]
[White "Bacrot, Etienne"]
[Black "Grischuk, Alexander"]
[Result "1/2-1/2"]
[WhiteElo "2708"]
[BlackElo "2761"]
[PlyCount "88"]
[EventDate "2017.06.21"]
[EventType "tourn (blitz)"]
[EventRounds "18"]
[EventCountry "FRA"]
[EventCategory "22"]
[SourceTitle "CBM 179"]
[Source "ChessBase"]
[SourceDate "2017.07.12"]
[SourceVersion "1"]
[SourceVersionDate "2017.07.12"]
[SourceQuality "1"]

1. e4 c5 2. Nf3 Nc6 3. Bb5 g6 4. Bxc6 bxc6 5. O-O Bg7 6. Re1 Rb8 7. e5 Nh6 8.
Nc3 O-O 9. h3 Nf5 10. b3 d6 11. Bb2 Nd4 12. Na4 dxe5 13. Nxe5 Qd5 14. Nc3 Qd6
15. Nc4 Qc7 16. Na4 Be6 17. c3 Bxc4 18. cxd4 Bd5 19. dxc5 e5 20. Nc3 Rbd8 21.
Nxd5 Rxd5 22. b4 Rfd8 23. Bc3 e4 24. Bxg7 Rxd2 25. Qb3 Kxg7 26. Rxe4 R8d3 27.
Qa4 Qd7 28. Rae1 Qd5 29. R4e2 Rxe2 30. Rxe2 Rd1+ 31. Kh2 Rb1 32. Qxa7 Rxb4 33.
Qe7 Ra4 34. Qd6 Rc4 35. Qxd5 cxd5 36. Kg3 Rxc5 37. Kf4 Kf6 38. Ke3 Ke5 39. Kd3+
Kd6 40. a4 Ra5 41. Ra2 Kc5 42. Rc2+ Kd6 43. Ra2 Kc5 44. Rc2+ Kd6 1/2-1/2

[Event "Paris GCT Rapid"]
[Site "Paris"]
[Date "2017.06.22"]
[Round "4"]
[White "Topalov, Veselin"]
[Black "Grischuk, Alexander"]
[Result "0-1"]
[WhiteElo "2749"]
[BlackElo "2761"]
[PlyCount "136"]
[EventDate "2017.06.21"]
[EventType "tourn (rapid)"]
[EventRounds "9"]
[EventCountry "FRA"]
[EventCategory "22"]
[SourceTitle "CBM 179"]
[Source "ChessBase"]
[SourceDate "2017.07.12"]
[SourceVersion "1"]
[SourceVersionDate "2017.07.12"]
[SourceQuality "1"]
[TimeControl "1500"]

1. e4 {[%emt 0:00:00]} e6 {[%emt 0:00:00]} 2. d4 {[%emt 0:00:00]} d5 {[%emt 0:
00:00]} 3. Nc3 {[%emt 0:00:00]} Nf6 {[%emt 0:00:00]} 4. e5 {[%emt 0:00:00]}
Nfd7 {[%emt 0:00:00]} 5. f4 {[%emt 0:00:00]} c5 {[%emt 0:00:00]} 6. Nf3 {
[%emt 0:00:00]} Nc6 {[%emt 0:00:00]} 7. Be3 {[%emt 0:00:00]} cxd4 {[%emt 0:00:
00]} 8. Nxd4 {[%emt 0:00:00]} Qb6 {[%emt 0:00:00]} 9. Qd2 {[%emt 0:00:00]} Qxb2
{[%emt 0:00:00]} 10. Rb1 {[%emt 0:00:00]} Qa3 {[%emt 0:00:00]} 11. Bb5 {
[%emt 0:00:32]} Nxd4 {[%emt 0:00:00]} 12. Bxd4 {[%emt 0:00:00]} a6 {[%emt 0:00:
00]} 13. Rb3 {[%emt 0:00:00]} (13. Bxd7+ Bxd7 14. Rb3 Qe7 15. Rxb7 Qd8 16. O-O
Rb8 17. Rxb8 Qxb8 18. f5 Qc8 19. f6 gxf6 20. Qf4 Qc4 21. exf6 Rg8 22. Nxd5 exd5
23. Re1+ Kd8 24. Qb8+ Bc8 25. Qa7 Be6 26. Bb6+ Kc8 27. Qa8+ Kd7 28. Qb7+ Kd6
29. Ba7 Rxg2+ 30. Kxg2 Qg4+ 31. Kh1 Qf3+ 32. Kg1 Qg4+ 33. Kh1 Qf3+ {1/2-1/2 
(33) Caruana,F (2795)-Robson,R (2663) Saint Louis 2016}) 13... Qe7 {[%emt 0:00:
00]} 14. Ba4 {[%emt 0:00:00]} Qd8 {[%emt 0:02:07]} 15. Bb6 {[%emt 0:00:58]}
Qh4+ {[%emt 0:00:00]} 16. g3 {[%emt 0:00:50]} Qg4 {[%emt 0:04:15] [#]} 17. O-O
$146 {[%emt 0:05:13]} (17. Nd1 Be7 18. Nf2 Qg6 19. Rc3 O-O 20. Bxd7 Bxd7 21.
Rc7 Bd8 22. Rxd7 Bxb6 23. Rxb7 Rab8 24. Rxb8 Rxb8 25. O-O h5 26. Kg2 Rc8 27.
Nd3 Qe4+ 28. Kh3 Be3 29. Qe2 Qf5+ 30. Kg2 d4 31. Rb1 g6 32. Rb2 a5 33. a4 Kg7
34. h3 Qe4+ 35. Qf3 Qxf3+ 36. Kxf3 Rc4 37. Ra2 g5 38. fxg5 Bxg5 39. h4 Be3 40.
Ke4 Kh6 41. Kf3 Kg7 42. Ke4 Kg6 43. Nf4+ Bxf4 44. gxf4 d3+ 45. Kxd3 Rxf4 46. c4
Kf5 {Grischuk,A (2763)-Morozevich,A (2770) Astana 2012 1-0}) 17... Be7 {
[%emt 0:00:28]} 18. f5 {[%emt 0:00:12]} O-O {[%emt 0:02:44]} 19. Rf4 {[%emt 0:
00:16]} Bg5 {[%emt 0:00:24]} 20. Rxg4 {[%emt 0:00:50]} Bxd2 {[%emt 0:00:00]}
21. Bxd7 {[%emt 0:00:00]} Bxd7 {[%emt 0:00:00]} 22. f6 {[%emt 0:00:00]} g6 {
[%emt 0:00:11]} 23. Nd1 {[%emt 0:02:13]} Rfc8 {[%emt 0:00:53]} 24. c3 {[%emt 0:
00:00]} h5 {[%emt 0:04:20]} 25. Rd4 {[%emt 0:00:00]} Bh6 {[%emt 0:00:00]} 26.
Kf2 {[%emt 0:00:00]} a5 {[%emt 0:01:25]} 27. Rb2 {[%emt 0:01:06]} a4 {[%emt 0:
00:25]} 28. Rd3 {[%emt 0:01:22]} a3 {[%emt 0:00:35]} 29. Rb1 {[%emt 0:00:21]}
Ba4 {[%emt 0:03:37]} 30. Ne3 {[%emt 0:00:00]} Rc6 {[%emt 0:00:06]} 31. Bd4 {
[%emt 0:02:29]} b5 {[%emt 0:00:00]} 32. h4 {[%emt 0:00:23]} Rac8 {[%emt 0:00:
32]} 33. Ke2 {[%emt 0:00:00]} Kf8 {[%emt 0:00:05]} 34. Kf2 {[%emt 0:02:19]} Ke8
{[%emt 0:00:00]} 35. Ke2 {[%emt 0:00:00]} Kd7 {[%emt 0:00:17]} 36. Kf2 {
[%emt 0:00:00]} Kc7 {[%emt 0:00:14]} 37. Kf3 {[%emt 0:00:00]} Kb7 {[%emt 0:00:
04]} 38. Kf2 {[%emt 0:00:47]} Ka6 {[%emt 0:00:00]} 39. Kf3 {[%emt 0:00:00]}
R8c7 {[%emt 0:00:18]} 40. Kf2 {[%emt 0:00:00]} Rb7 {[%emt 0:00:03]} 41. g4 {
[%emt 0:00:07]} hxg4 {[%emt 0:00:29]} 42. Kg3 {[%emt 0:00:00]} Bf8 {[%emt 0:00:
21]} 43. Kxg4 {[%emt 0:00:09]} b4 {[%emt 0:00:00]} 44. cxb4 {[%emt 0:00:00]}
Rxb4 {[%emt 0:00:00]} 45. Rxb4 {[%emt 0:00:03]} Bxb4 {[%emt 0:00:00]} 46. Kg5 {
[%emt 0:00:07]} Bf8 {[%emt 0:00:02]} 47. h5 {[%emt 0:00:39]} gxh5 {[%emt 0:00:
00]} 48. Kxh5 {[%emt 0:00:00]} Rc1 {[%emt 0:00:01]} 49. Rd2 {[%emt 0:00:08]}
Rh1+ {[%emt 0:00:00]} 50. Kg4 {[%emt 0:00:00]} Bb4 {[%emt 0:00:25]} 51. Rg2 {
[%emt 0:00:00]} Bb5 {[%emt 0:00:07]} 52. Rc2 {[%emt 0:00:11]} Kb7 {[%emt 0:00:
00]} 53. Bc5 {[%emt 0:00:35]} Bxc5 {[%emt 0:00:20]} 54. Rxc5 {[%emt 0:00:00]}
Be2+ {[%emt 0:00:00]} 55. Kg3 {[%emt 0:00:00]} Ra1 {[%emt 0:00:00]} 56. Rc2 {
[%emt 0:00:00]} Bb5 {[%emt 0:00:00]} 57. Kf4 {[%emt 0:00:14]} d4 {[%emt 0:00:
00]} 58. Nc4 {[%emt 0:00:00]} Bxc4 {[%emt 0:00:00]} 59. Rxc4 {[%emt 0:00:00]}
Rxa2 {[%emt 0:00:00]} 60. Rxd4 {[%emt 0:00:00]} Ra1 {[%emt 0:00:00]} 61. Rd2 {
[%emt 0:00:20]} a2 {[%emt 0:00:00]} 62. Rf2 {[%emt 0:00:00]} Kc6 {[%emt 0:00:
00]} 63. Rc2+ {[%emt 0:00:00]} Kd5 {[%emt 0:00:00]} 64. Rd2+ {[%emt 0:00:00]}
Kc4 {[%emt 0:00:00]} 65. Rf2 {[%emt 0:00:00]} Kd3 {[%emt 0:00:00]} 66. Rf3+ {
[%emt 0:00:04]} Ke2 {[%emt 0:00:00]} 67. Re3+ {[%emt 0:00:00]} Kd2 {[%emt 0:00:
00]} 68. Rf3 {[%emt 0:00:00]} Re1 {[%emt 0:00:00]} 0-1

[Event "Paris GCT Rapid"]
[Site "Paris"]
[Date "2017.06.22"]
[Round "5"]
[White "Grischuk, Alexander"]
[Black "Nakamura, Hikaru"]
[Result "0-1"]
[WhiteElo "2761"]
[BlackElo "2785"]
[PlyCount "180"]
[EventDate "2017.06.21"]
[EventType "tourn (rapid)"]
[EventRounds "9"]
[EventCountry "FRA"]
[EventCategory "22"]
[SourceTitle "CBM 179"]
[Source "ChessBase"]
[SourceDate "2017.07.12"]
[SourceVersion "1"]
[SourceVersionDate "2017.07.12"]
[SourceQuality "1"]
[TimeControl "1500"]

1. d4 {[%emt 0:00:00]} Nf6 {[%emt 0:00:00]} 2. Bf4 {[%emt 0:00:00]} e6 {
[%emt 0:00:00]} 3. e3 {[%emt 0:00:00]} c5 {[%emt 0:00:00]} 4. Nf3 {[%emt 0:00:
19]} d5 {[%emt 0:00:07]} 5. Nbd2 {[%emt 0:00:21]} Nc6 {[%emt 0:00:00]} 6. c3 {
[%emt 0:00:00]} cxd4 {[%emt 0:00:00]} 7. exd4 {[%emt 0:00:00]} Nh5 {[%emt 0:00:
00]} 8. Be3 {[%emt 0:00:00]} Bd6 {[%emt 0:00:16]} 9. g3 {[%emt 0:00:00]} O-O {
[%emt 0:00:13]} 10. Bd3 {[%emt 0:00:00]} f5 {[%emt 0:00:10]} 11. Ne5 {[%emt 0:
03:30]} Nf6 {[%emt 0:00:00]} 12. Ndf3 {[%emt 0:01:13]} Bd7 {[%emt 0:00:49]} 13.
Bf4 {[%emt 0:03:10]} Be8 {[%emt 0:00:00]} 14. Qe2 {[%emt 0:00:00]} Qe7 {
[%emt 0:01:22]} 15. Nxc6 {[%emt 0:02:19]} bxc6 {[%emt 0:00:00]} 16. Bxd6 {
[%emt 0:00:00]} Qxd6 {[%emt 0:00:00]} 17. Qe5 {[%emt 0:00:00]} Qd7 {[%emt 0:01:
09]} 18. Qf4 {[%emt 0:00:20]} Qb7 {[%emt 0:00:52]} 19. Rb1 {[%emt 0:00:16]} Bh5
{[%emt 0:01:08]} 20. Ne5 {[%emt 0:00:04]} Qc7 {[%emt 0:00:30]} 21. O-O {
[%emt 0:01:21]} c5 {[%emt 0:00:00]} 22. Rfe1 {[%emt 0:00:10]} c4 {[%emt 0:03:
34]} 23. Bf1 {[%emt 0:00:00]} Rfc8 {[%emt 0:00:00]} 24. b3 {[%emt 0:03:52]}
cxb3 {[%emt 0:00:00]} 25. Rxb3 {[%emt 0:00:00]} Rab8 {[%emt 0:00:10]} 26. c4 {
[%emt 0:00:17]} Rxb3 {[%emt 0:05:10]} 27. axb3 {[%emt 0:00:00]} Rb8 {[%emt 0:
00:00]} 28. Rc1 {[%emt 0:01:54]} Rc8 {[%emt 0:02:39]} 29. c5 {[%emt 0:01:24]}
Be8 {[%emt 0:00:00]} 30. Ba6 {[%emt 0:01:12]} Rb8 {[%emt 0:00:02]} 31. Nd3 {
[%emt 0:00:00]} Qxf4 {[%emt 0:01:22]} 32. Nxf4 {[%emt 0:00:00]} Bc6 {[%emt 0:
00:00]} 33. Nxe6 {[%emt 0:00:00]} Kf7 {[%emt 0:01:29]} 34. Ng5+ {[%emt 0:00:12]
} Ke7 {[%emt 0:00:00]} 35. Nf3 {[%emt 0:00:46]} Kd8 {[%emt 0:01:15]} 36. Ne5 {
[%emt 0:00:47]} Kc7 {[%emt 0:00:00]} 37. Bd3 {[%emt 0:00:02]} Rxb3 {[%emt 0:01:
10]} 38. Ra1 {[%emt 0:00:00]} Kb7 {[%emt 0:00:00]} 39. Bxf5 {[%emt 0:00:40]}
Bb5 {[%emt 0:00:00]} 40. Nf7 {[%emt 0:00:16]} Rb4 {[%emt 0:01:01]} 41. Nd6+ Kb8
42. Kg2 {[%emt 0:00:17]} g6 {[%emt 0:00:01]} 43. Be6 {[%emt 0:00:05]} Bd3 {
[%emt 0:00:00]} 44. Ra3 {[%emt 0:00:00]} Rxd4 {[%emt 0:00:00]} 45. Rb3+ Kc7 46.
Rb7+ {[%emt 0:00:01]} Kc6 {[%emt 0:00:00]} 47. Rxa7 {[%emt 0:00:00]} Kxc5 {
[%emt 0:00:00]} 48. Nf7 {[%emt 0:00:00]} Be4+ {[%emt 0:00:00]} 49. Kh3 {
[%emt 0:00:00]} Rd2 {[%emt 0:00:00]} 50. Ng5 {[%emt 0:00:00]} Rxf2 {[%emt 0:00:
00]} 51. Nxh7 {[%emt 0:00:00]} Nxh7 {[%emt 0:00:03]} 52. Rxh7 {[%emt 0:00:00]}
g5 {[%emt 0:00:00]} 53. Rg7 {[%emt 0:00:00]} Rf6 {[%emt 0:00:00]} 54. Bxd5 {
[%emt 0:00:01]} Kxd5 {[%emt 0:00:01]} 55. Kg4 {[%emt 0:00:00]} Rf2 {[%emt 0:00:
00]} 56. Kxg5 {[%emt 0:00:00]} Ke6 {[%emt 0:00:00]} 57. g4 {[%emt 0:00:00]}
Rxh2 {[%emt 0:00:00]} 58. Ra7 {[%emt 0:00:00]} Rh8 {[%emt 0:00:00]} 59. Rg7 {
[%emt 0:00:00]} Bd5 {[%emt 0:00:00]} 60. Rg6+ {[%emt 0:00:00]} Ke5 {[%emt 0:00:
00]} 61. Rg7 {[%emt 0:00:00]} Be6 {[%emt 0:00:00]} 62. Rg6 {[%emt 0:00:00]} Rh1
{[%emt 0:00:00]} 63. Rg7 {[%emt 0:00:00]} Bxg4 {[%emt 0:00:00]} 64. Re7+ {
[%emt 0:00:00]} Be6 {[%emt 0:00:00]} 65. Rg7 {[%emt 0:00:00]} Rh2 {[%emt 0:00:
00]} 66. Rg6 {[%emt 0:00:00]} Rh7 {[%emt 0:00:00]} 67. Rh6 {[%emt 0:00:00]} Rf7
{[%emt 0:00:00]} 68. Rg6 {[%emt 0:00:00]} Ra7 {[%emt 0:00:00]} 69. Kh6 {
[%emt 0:00:00]} Bf5 {[%emt 0:00:00]} 70. Rg7 {[%emt 0:00:00]} Ra4 {[%emt 0:00:
00]} 71. Kg5 {[%emt 0:00:00]} Be6 {[%emt 0:00:00]} 72. Rg6 {[%emt 0:00:00]} Ra7
{[%emt 0:00:00]} 73. Kh6 {[%emt 0:00:00]} Kf5 {[%emt 0:00:00]} 74. Rg5+ {
[%emt 0:00:00]} Kf4 {[%emt 0:00:00]} 75. Rg7 {[%emt 0:00:00]} Ra8 {[%emt 0:00:
00]} 76. Kg6 {[%emt 0:00:00]} Bf5+ {[%emt 0:00:00]} 77. Kf6 {[%emt 0:00:00]}
Ra6+ {[%emt 0:00:00]} 78. Ke7 {[%emt 0:00:00]} Ke5 {[%emt 0:00:00]} 79. Kf7 {
[%emt 0:00:00]} Rb6 {[%emt 0:00:00]} 80. Ke7 {[%emt 0:00:00]} Bg6 {[%emt 0:00:
00]} 81. Kf8 {[%emt 0:00:00]} Kf6 {[%emt 0:00:00]} 82. Rf7+ {[%emt 0:00:00]}
Kg5 {[%emt 0:00:00]} 83. Rg7 {[%emt 0:00:00]} Kh6 {[%emt 0:00:00]} 84. Rc7 {
[%emt 0:00:00]} Re6 {[%emt 0:00:00]} 85. Re7 {[%emt 0:00:00]} Rf6+ {[%emt 0:00:
00]} 86. Kg8 {[%emt 0:00:00]} Bf5 {[%emt 0:00:00]} 87. Re8 {[%emt 0:00:00]} Bd7
{[%emt 0:00:00]} 88. Rd8 {[%emt 0:00:00]} Be6+ {[%emt 0:00:00]} 89. Kh8 {
[%emt 0:00:00]} Kg6 {[%emt 0:00:00]} 90. Re8 {[%emt 0:00:00]} Kf7 {[%emt 0:00:
00]} 0-1

[Event "Paris GCT Rapid"]
[Site "Paris"]
[Date "2017.06.22"]
[Round "6"]
[White "Karjakin, Sergey"]
[Black "Grischuk, Alexander"]
[Result "0-1"]
[WhiteElo "2781"]
[BlackElo "2761"]
[Annotator "Yermolinsky,A"]
[PlyCount "116"]
[EventDate "2017.06.21"]
[EventType "tourn (rapid)"]
[EventRounds "9"]
[EventCountry "FRA"]
[EventCategory "22"]
[SourceTitle "CBM 179"]
[Source "ChessBase"]
[SourceDate "2017.07.12"]
[SourceVersion "1"]
[SourceVersionDate "2017.07.12"]
[SourceQuality "1"]

1. e4 e6 2. d4 d5 3. Nd2 c5 4. exd5 Qxd5 5. Ngf3 cxd4 6. Bc4 Qd6 7. O-O Nf6 8.
Nb3 Nc6 9. Nbxd4 Nxd4 10. Nxd4 a6 11. Re1 Qc7 12. Bf1 Be7 13. Qf3 O-O 14. Bf4
Bd6 15. Bxd6 Qxd6 16. Rad1 Qb6 17. Qb3 Qc7 18. c4 Bd7 19. Nf3 Rfd8 20. Ne5 Be8
21. Qe3 a5 22. b3 b6 23. g3 Rac8 24. Bg2 h6 25. Bf3 Rxd1 26. Rxd1 Qc5 27. Rd4
a4 28. Kg2 axb3 29. axb3 b5 30. h4 bxc4 31. bxc4 h5 32. Qf4 Qa5 33. Nd3 Qc7 34.
Ne5 Qa5 35. Qe3 Qc5 36. Kg1 Rb8 37. Qf4 Rc8 38. Rd2 Qa5 39. Qd4 Rc5 40. Re2 Qc7
41. Kh2 Kh8 42. Qf4 Kg8 43. Qd4 Kh8 44. Qe3 Kg8 45. Re1 Ra5 46. Kg2 Rc5 47. Qd4
Kh8 48. Qa1 Kg8 49. Re3 Ra5 50. Qe1 Rc5 51. Kh2 Kh8 52. Qe2 Kg8 {There's
nothing wrong with Black's position, but Grischuk was down to seconds on his
clock. I'd mention that this tournament is played with the Bronstein Clock,
which is known in the United States as "delay". Unlike the increment time
controls, time is not added to the clock if a move is played under the
allocated ten seconds of "free" time.} 53. Bxh5 {In this situation Karjakin
felt obliged to do something, but in the process he also let his clock run
dangerously low.} Nd7 54. Nxd7 Bxd7 55. Rc3 (55. Re4 g6 56. Bf3 Bc6 57. Re3
Bxf3 58. Qxf3 Rxc4 $11) 55... Bb5 $1 56. Ra3 $2 Rxc4 57. Ra8+ Kh7 {and here
came the blunder} 58. Bf3 $4 (58. Bg4 Qc5 59. Ra5 $1 {and White holds.}) 58...
Rxh4+ 0-1

[Event "Paris GCT Rapid"]
[Site "Paris"]
[Date "2017.06.23"]
[Round "7"]
[White "Grischuk, Alexander"]
[Black "Caruana, Fabiano"]
[Result "1-0"]
[WhiteElo "2761"]
[BlackElo "2808"]
[Annotator "Yermolinsky,A"]
[PlyCount "75"]
[EventDate "2017.06.21"]
[EventType "tourn (rapid)"]
[EventRounds "9"]
[EventCountry "FRA"]
[EventCategory "22"]
[SourceTitle "CBM 179"]
[Source "ChessBase"]
[SourceDate "2017.07.12"]
[SourceVersion "1"]
[SourceVersionDate "2017.07.12"]
[SourceQuality "1"]

1. e4 e6 {I'm not sure if the French is Fabiano's best opening, but by this
point in the tournament he was ready to try anything.} 2. d4 d5 3. Nc3 Nf6 4.
e5 Nfd7 5. f4 c5 6. Nf3 Nc6 7. Be3 Be7 8. Qd2 a6 9. Be2 b5 10. O-O O-O 11. a3
Bb7 12. Nd1 f6 $6 {Black should have not touched that pawn, not until White
makes his f4-f5 a possibility.} (12... Qc7 $142 13. c3 Na5 14. Qe1 Nc4) 13. c3
Rc8 14. Bd3 Na5 15. Qe2 fxe5 16. fxe5 cxd4 17. cxd4 Nb6 18. Nf2 Nbc4 19. Nh3
Nxe3 20. Qxe3 Nc4 21. Qe2 {On the face of it Black's position looks OK, but in
reality he has a hard time defending his king.} g6 (21... Qb6 22. Kh1 {The
last move in preparation.} b4 23. Nfg5 g6 24. Nxh7 {and everything comes down
like a house of cards.}) 22. Rf2 Qb6 23. Raf1 {Grischuk didn't forget how to
build up his attacks. White's position is like a coiled spring.} b4 ({Give him
one move,} 23... a5 {and it's released:} 24. b3 $1 Nxa3 25. Qe3 Rf7 ({Best
chance is} 25... Rf5 {but it's very unlikely to work.}) 26. Qh6 Rg7 ({or} 26...
Bf8 27. Qh4 Rcc7 28. Nfg5) 27. Nfg5 Qxd4 {and now White, if he so wishes can
continue playing for mate.} 28. Nxe6 ({Obviously, there isn't much wrong with
the materialistic} 28. Qxg7+ Kxg7 29. Nxe6+ Kg8 30. Nxd4 Bc5 31. Rf4) 28...
Qxe5 29. Nhg5 d4 30. Rf7 Rxf7 31. Rxf7 Rc1+ 32. Bf1 Qe3+ 33. Kh1 {and it's all
over.}) 24. axb4 Qxb4 (24... Bxb4 25. b3 Na3 26. Nfg5 Qxd4 27. Nxh7 {he have
already seen this motif.}) 25. Nhg5 $1 Qb6 26. Kh1 (26. Nxh7 Kxh7 27. Nh4 Rf5
28. Nxg6 $1 {was crushing.}) 26... h6 ({Once again,} 26... Rf5 $8) 27. Bxg6 $18
Kg7 28. Bb1 hxg5 29. Qd3 Rf5 30. g4 Rcf8 (30... Nxb2 31. Rxb2 Qxb2 32. gxf5)
31. gxf5 exf5 32. Nxg5 Nxe5 33. Qg3 Ng4 34. Rxf5 Rxf5 35. Bxf5 Bxg5 36. Qxg4
Qh6 37. Bd3 Kh8 38. Rf7 1-0